Historický atlas měst České republiky

Titel: Historický atlas měst České republiky / Historický Ústav Akademie Věd ČR, Praha ...
Teil: 34. Dvůr Králové nad Labem / Robert Šimůnek
Körperschaft:
Veröffentlicht: Praha, 2022
Umfang: 32, XVI Seiten, 40 Kartenblätter : Illustrationen, Karten ; 42 cm
Format: Karte
Sprache: Tschechisch
Schriftenreihe/
mehrbändiges Werk:
Historický atlas měst České republiky / Historický Ústav Akademie Věd ČR, Praha ... ; 34
alle Bände anzeigen
Schlagworte:
ISBN: 9788072863891
Buchumschlag
X
alg: 49710759
001A    $03004:17-07-22 
001B    $03004:26-07-22 $t11:30:08.000 
001D    $03004:17-07-22 
001U    $0utf8 
001X    $00 
002@    $0Kfu 
002C    $aText $btxt $2rdacontent 
002C    $akartografisches Bild $bcri $2rdacontent 
002D    $aohne Hilfsmittel zu benutzen $bn $2rdamedia 
002E    $aBlatt $bnb $2rdacarrier 
003@    $0497107597 
003O    $01336457826 $aOCoLC 
004A    $A978-80-7286-389-1 
007A    $0497107597 $aHEB 
010@    $acze 
010E    $erda 
011@    $a2022 $n2022 
013D    $RBildband $RAtlaskartografie $RKarte $#Atlases $#Atlas $#Weltatlas $#Bildatlas $#Topographischer Atlas $#Topografischer Atlas $#Atlanten $74143303-8 $8Atlas [Ts1] $9085561835 
021A    $aDvůr Králové nad Labem $hRobert Šimůnek 
029F    $RČeskoslovenský Státní Ústav Historický $RÚstav Československých a světových dějin $RČeskoslovenská akademie věd $#Historický ústav Prag $#Historický ústav av ČR $#Historický ústav akademie věd ČR Praha $#Institute of History Prag $#Institute of History in CR $#Institutum Historicum Prag $#Československá akademie věd, Institute of History $#Československá akademie věd, Institutum Historicum $#Historical Institute Prag $#Institute of History CAS $#HI $#Československá akademie věd, Historical Institute $#Institut de l'histoire Prag $#Československá akademie věd, Institut de l'histoire $#Historisches Institut Prag $#Československá akademie věd, Historisches Institut $#Institute of History of the Academy of Sciences of the Czech Republic $71011827-5 $8Československá akademie věd$bHistorický ústav [Tb1] $9041933052 
033A    $pPraha 
034D    $a32, XVI Seiten, 40 Kartenblätter 
034I    $a42 cm 
034M    $aIllustrationen, Karten 
036C    $aHistorický atlas měst České republiky $x234 $hHistorický Ústav Akademie Věd ČR, Praha ... $l34 
036D    $x234 $8Historický atlas měst České republiky / Historický Ústav Akademie Věd ČR, Praha ... $9050499068 
044K    $#Königinhof an der Elbe $#Dvůr Králové $#Königinhof, Elbe $74031525-3 $8Dvůr Králové nad Labem [Tg1] $908508350X 

lok: 49710759 24

exp: 49710759 24 1 #EPN
201B/01 $026-07-22 $t11:25:18.000 
201C/01 $017-07-22 
201U/01 $0utf8 
203@/01 $01207655996 
208@/01 $a26-07-22 $bz 
209A/01 $aGr 2° - 96.3697 : 34 $dd $f050 $h96 3697 / B 34 $x00 
209C/01 $a22.03600 K $h22 03600 K 
209G/01 $a74563090 $x00 
209G/01 $aGroßfolio $x01 
220C/01 $akon 
247C/01 $8358050-7 Marburg, Bibliothek des Herder-Instituts Marburg $9102600961 

lok: 49710759 205

exp: 49710759 205 1 #EPN
201B/01 $015-11-24 $t08:54:32.000 
201C/01 $015-11-24 
201U/01 $0utf8 
203@/01 $01283315815 
208@/01 $a15-11-24 $bz 
209A/01 $aW 634, 34 sekretiert $ds $f408 $x00 
209C/01 $aB/K 2024/25 
209G/01 $aKartensammlung Landesamt $x01 
237A/01 $anicht ausleihbar 
247C/01 $8351408-0 <4/408>Marburg, Universität Marburg, Bibliothek des Hessischen Instituts für Landesgeschichte $9221689648
LEADER 00000cem a2200000 cc4500
001 497107597
003 DE-603
005 20220726113008.0
007 a|||||||
008 220717s2022 xx |||||| z || | ||cze c
020 |a 9788072863891 
035 |a (DE-599)HEB497107597 
035 |a (OCoLC)1336457826 
040 |a DE-603  |b ger  |c DE-603  |d DE-603  |e rda 
041 |a cze 
245 0 0 |a Historický atlas měst České republiky  |n 34  |p Dvůr Králové nad Labem / Robert Šimůnek  |c Historický Ústav Akademie Věd ČR, Praha ... 
264 1 |a Praha  |c 2022 
300 |a 32, XVI Seiten, 40 Kartenblätter  |b Illustrationen, Karten  |c 42 cm 
336 |a Text  |b txt  |2 rdacontent 
336 |a kartografisches Bild  |b cri  |2 rdacontent 
337 |a ohne Hilfsmittel zu benutzen  |b n  |2 rdamedia 
338 |a Blatt  |b nb  |2 rdacarrier 
651 7 |a Dvůr Králové nad Labem  |0 (DE-588)4031525-3  |0 (DE-603)08508350X  |2 gnd 
655 7 |a Atlas  |2 gnd-content  |0 (DE-588)4143303-8  |0 (DE-603)085561835 
710 2 |a Československá akademie věd  |b Historický ústav  |0 (DE-603)041933052  |0 (DE-588)1011827-5  |2 gnd 
773 0 8 |q 234  |w (DE-603)050499068 
924 0 |9 Mb 50  |a (DE-603)1207655996  |b DE-Mb50  |c HES  |d d  |g Gr 2° - 96.3697 : 34  |h Großfolio 
924 0 |9 4/408  |a (DE-603)1283315815  |b DE-4-408  |c HES  |d d  |g W 634, 34 sekretiert